| 000 | 01056nam a2200301 i 4500 | ||
|---|---|---|---|
| 001 | 000015424 | ||
| 003 | DO-SdBNP | ||
| 005 | 20250117154049.0 | ||
| 007 | ta | ||
| 008 | 100208r2008 dr r 001 0 spa d | ||
| 020 | _z9789945851585 | ||
| 040 |
_aDO-SdBNP _bspa _cBNPHU _erda |
||
| 082 | 4 |
_aRD864.44 _bG492a _222 |
|
| 100 | 1 |
_aGinebra Giudicelli, Freddy, _d1944- _926915 _eautor |
|
| 245 | 1 | 0 |
_aAntes de que pierda la memoria : _b2da. parte / _cFreddy Ginebra Giudicelli ; prólogo, Francisco José Arnáiz. |
| 264 |
_aSanto Domingo : _bCasa de Teatro, _c2008. |
||
| 300 |
_a232 páginas ; _c22 cm. |
||
| 336 |
_2rdacontent _atexto _btxt |
||
| 337 |
_2rdamedia _asin mediación _bn |
||
| 338 |
_2rdacarrier _avolumen _bnc |
||
| 500 | _aIncluye datos biográficos del autor en las solapas de las cubiertas. | ||
| 590 | _aInventariado, 2024 / MF | ||
| 650 | 0 |
_aEnsayos dominicanos _9176 |
|
| 650 | 0 |
_aLiteratura dominicana. _967 |
|
| 700 | 1 |
_aArnáiz, Francisco José, _eprólogo _96960 |
|
| 910 | _aValidado. Control de calidad MFF | ||
| 942 |
_2ddc _cLBS1 |
||
| 999 |
_c14982 _d14982 |
||